|
|
|
|
| LEADER |
01236nam a22003017a 4500 |
| 001 |
36987 |
| 003 |
BD-DhAAL |
| 005 |
20211125162631.0 |
| 008 |
200209r20111997enk | 001 | eng d |
| 999 |
|
|
|c 41697
|d 41697
|
| 020 |
|
|
|a 9780421604001
|
| 040 |
|
|
|a BD-DhAAL
|
| 082 |
|
|
|a 346.42
|
| 100 |
|
|
|a Charlesworth, J.
|9 39183
|
| 245 |
|
|
|a Charlesworth’s business law /
|c J. Charlesworth; edited by Paul Dobson.
|
| 250 |
|
|
|a Sixteenth edition
|
| 260 |
|
|
|a London :
|b Sweet & Maxwell,
|c c1997 [reprinted 2011]
|
| 300 |
|
|
|a xcv, 838 pages ;
|c 22 cm.
|
| 500 |
|
|
|a Includes index.
|
| 526 |
|
|
|a SOL
|
| 541 |
|
|
|a Trim Education
|e 36987, 36988
|
| 650 |
|
|
|a Commercial law
|z Great Britain.
|9 39184
|
| 650 |
|
|
|a Law.
|9 43210
|
| 700 |
|
|
|a Dobson, A. P.
|q (Alan Paul)
|9 39185
|
| 852 |
|
|
|a Ayesha Abed Library
|c General Stacks
|
| 942 |
|
|
|2 ddc
|c BK
|
| 952 |
|
|
|0 0
|1 0
|2 ddc
|4 0
|6 346_420000000000000_CHA
|7 0
|9 67810
|a BRACUL
|b BRACUL
|c GEN
|d 2020-02-04
|e Trim Education
|g 4400.00
|l 1
|o 346.42 CHA
|p 3010036987
|r 2024-10-05
|s 2024-10-02
|t 1
|v 4400.00
|w 2020-02-04
|y BK
|
| 952 |
|
|
|0 0
|1 0
|2 ddc
|4 0
|6 346_420000000000000_CHA
|7 0
|9 67811
|a BRACUL
|b BRACUL
|c GEN
|d 2020-02-04
|e Trim Education
|g 4400.00
|l 5
|m 43
|o 346.42 CHA
|p 3010036988
|r 2026-04-05
|s 2026-04-01
|t 2
|v 4400.00
|w 2020-02-04
|y BK
|